00338nam a2200133Ia 450000500170000000800410001704100080005808200130006610000200007924500420009926000400014130000090018165000140019020250729165656.0250729s2007 xx 000 0 und d akan a370 YADU aDr.S.B.Yadawada aPragathishila Bharathadalli Shikshana aGadagabVidyanidhi Prakashanac2007 a586p aEducation